Barnstable County, MA (Cape Cod) - Map Quiz - Statistics

General Stats
  • This quiz has been taken 246 times
  • The average score is 10 of 15
Answers on the Map
Answers color-coded by a green-red scale on the quiz's map according to % correct below.
 
Answer Stats
Answer % Correct
Provincetown
84%
Bourne
76%
Chatham
73%
Falmouth
72%
Mashpee
71%
Sandwich
71%
Barnstable
69%
Dennis
69%
Truro
66%
Wellfleet
63%
Eastham
59%
Orleans
59%
Harwich
58%
Yarmouth
55%
Brewster
46%
No matching quizzes found
Score Distribution
Percent of People with Each Score
Percentile by Number Answered
Your Score History
You have not taken this quiz